000 00377nam a2200145Ia 4500
008 230917s9999||||xx |||||||||||||| ||und||
040 _e48744
_aMAIN
041 _aEnglish
082 _a954.02 S23L
100 _aSharma, Ram Sharan
245 0 _aLand revenue in India: Historical studies
260 _aDelhi
_bMotila Banarsidass
_c1971
300 _aiv, 129 p.
942 _cBK
999 _c186755
_d186755